| 000 | 00583nam a2200157 i 4500 | ||
|---|---|---|---|
| 001 | 152702 | ||
| 003 | ES-MaACL | ||
| 005 | 20230906204840.0 | ||
| 008 | 030213s1875 fr |||| | fre d | ||
| 100 | 1 |
_aBreton, C. _931627 |
|
| 245 | 1 | 0 |
_aPrisons et emprisonnement _b: essais sur les réformes pénitentiaires / _cpar C. Breton. |
| 260 |
_aParis : _bA. Durand et Pedone-Lauriel, _c1875 ( _eChaumont : _fImp. Ch. Cavaniol) |
||
| 300 |
_aXXXII, 278 p. ; _c22 cm. |
||
| 650 |
_aDerecho penitenciario- _zFrancia. _9141896 |
||
| 852 |
_aES-MaACL _jD-252 _z- Enc. hol. _z. - Donativo Lastres |
||
| 999 |
_c152702 _d152702 |
||